Understanding India's new approach to spatial planning and development : (Record no. 446733)

000 -LEADER
fixed length control field 01353cam a2200337 i 4500
001 - CONTROL NUMBER
control field 19771933
005 - DATE AND TIME OF LATEST TRANSACTION
control field 20190225122702.0
008 - FIXED-LENGTH DATA ELEMENTS--GENERAL INFORMATION
fixed length control field 170707s2017 ii b 001 0 eng
010 ## - LIBRARY OF CONGRESS CONTROL NUMBER
LC control number 2017325674
020 ## - INTERNATIONAL STANDARD BOOK NUMBER
International Standard Book Number 9780199472642 (hardback)
020 ## - INTERNATIONAL STANDARD BOOK NUMBER
International Standard Book Number 0199472645 (hardback)
025 ## - OVERSEAS ACQUISITION NUMBER
Overseas acquisition number I-E-2017325674 ; 79-92
037 ## - SOURCE OF ACQUISITION
Source of stock number/acquisition Library of Congress -- New Delhi Overseas Office
040 ## - CATALOGING SOURCE
Original cataloging agency DLC
Language of cataloging eng
Description conventions rda
Transcribing agency DLC
Modifying agency DLC
042 ## - AUTHENTICATION CODE
Authentication code lcode
-- pcc
043 ## - GEOGRAPHIC AREA CODE
Geographic area code a-ii---
050 00 - LIBRARY OF CONGRESS CALL NUMBER
Classification number HT169.I4
Item number V53 2017
082 ## - DEWEY DECIMAL CLASSIFICATION NUMBER
Classification number J7x54 V669
100 1# - MAIN ENTRY--PERSONAL NAME
Personal name Vidyarthi, Sanjeev,
Relator term author.
9 (RLIN) 2502
245 10 - TITLE STATEMENT
Title Understanding India's new approach to spatial planning and development :
Remainder of title a salient shift? /
Statement of responsibility, etc Sanjeev Vidyarthi, Shishir Mathur, Sandeep Agrawal ; with contributions by Neha Sami and Sudeshna Mitra.
250 ## - EDITION STATEMENT
Edition statement First edition.
300 ## - PHYSICAL DESCRIPTION
Extent xlv, 262 pages ;
Dimensions 23 cm
504 ## - BIBLIOGRAPHY, ETC. NOTE
Bibliography, etc Includes bibliographical references (pages 218-246) and index.
650 #0 - SUBJECT ADDED ENTRY--TOPICAL TERM
Topical term or geographic name as entry element City planning
Geographic subdivision India.
9 (RLIN) 2503
650 #0 - SUBJECT ADDED ENTRY--TOPICAL TERM
Topical term or geographic name as entry element Regional planning
Geographic subdivision India.
9 (RLIN) 2504
650 #0 - SUBJECT ADDED ENTRY--TOPICAL TERM
Topical term or geographic name as entry element Economic development
Geographic subdivision India.
9 (RLIN) 2505
650 #0 - SUBJECT ADDED ENTRY--TOPICAL TERM
Topical term or geographic name as entry element Sustainable urban development
Geographic subdivision India.
9 (RLIN) 2506
710 2# - ADDED ENTRY--CORPORATE NAME
Corporate name or jurisdiction name as entry element Oxford University Press,
Relator term publisher,
-- copyright holder.
9 (RLIN) 2507
906 ## - LOCAL DATA ELEMENT F, LDF (RLIN)
a 7
b cbc
c origode
d 3
e ncip
f 20
g y-gencatlg
955 ## - COPY-LEVEL INFORMATION (RLIN)
Book number/undivided call number, CCAL (RLIN) wd50 2017-03-27
Copy status, CST (RLIN) wd46 2017-11-15
Classification number, CCAL (RLIN) cb08 2019-01-18 to CALM
Holdings
Withdrawn status Lost status Source of classification or shelving scheme Damaged status Koha normalized classification for sorting Not for loan Permanent location Current location Date acquired Full call number Barcode Date last seen Price effective from Koha item type
        J_7X54_V669   Indian Institute of Public Administration Indian Institute of Public Administration 2018-06-04 J7x54 V669 87585 2018-07-21 2018-07-21 Book

Powered by Koha